000 00310nam a22001337a 4500
008 170608b xxu||||| |||| 00| 0 eng d
020 _a0669076794
041 _aeng
080 _a328
100 _a18
101 _aSHP
245 _aAMERICAN GOVERNMENT INSTITUTIONS POLICIES
_cWILSON.J.Q
942 _2udc
_cBK
999 _c16462
_d16462